LIBRARY & INFORMATION CENTRE, KCAET, TAVANUR

ONLINE PUBLIC ACCESS CATALOGUE (OPAC)

Subsurface drip irrigation of ladies finger in sandy loam soil (Record no. 15189)

MARC details
000 -LEADER
fixed length control field 00653nam a22001817a 4500
003 - CONTROL NUMBER IDENTIFIER
control field OSt
088 ## - REPORT NUMBER
Report number T 179
100 ## - MAIN ENTRY--AUTHOR NAME
Personal name NISHA T. V
245 ## - TITLE STATEMENT
Title Subsurface drip irrigation of ladies finger in sandy loam soil
260 ## - PUBLICATION, DISTRIBUTION, ETC. (IMPRINT)
Place of publication Tavanur 2007
Name of publisher Kelappaji College of Agricultural Engineering and Technology
300 ## - PHYSICAL DESCRIPTION
Number of Pages 137
500 ## - GENERAL NOTE
General note Subsurface drip irrigation of ladies finger in sandy loam soil
520 ## - SUMMARY, ETC.
Summary, etc Subsurface drip irrigation of ladies finger in sandy loam soil
700 ## - ADDED ENTRY--PERSONAL NAME
Personal name Er. Asha Joseph (Guide)
856 ## - ELECTRONIC LOCATION AND ACCESS
Uniform Resource Identifier https://drive.google.com/open?id=1Np1FUmKQFi4xrbGizICx5LzSAFQ-mM7D
942 ## - ADDED ENTRY ELEMENTS (KOHA)
Koha item type Theses
Holdings
Collection code Home library Current library Shelving location Full call number Accession Number Koha item type Public note
Reference KAUAET KAUAET Reference 631.587 NIS/SU T 179 Theses M.Tech Thesis
free website counter